LEADER 00613nas a2200169 i 4500 001 000000139565 003 CaOOAMICUS 005 20190415095027.0 008 050526b xx uu u0 0und r 013 $a113657 040 $aSeMil$bita 245 10$a[Annate 1980-1991]. 773 0 $tNuova Rivista Storica.$dMilano ; Roma ; Napoli : Società Editrice Dante Alighieri di Albrighi, Segati & C., 1917.$x0029-6236$w()2548 850 $aSeMil 852 $aSeMil$W1$xVenegono$y1$m150 3 1-12$j92972$B92972$CSeMilBibl$Z2$F98254 $82 996 $6245$a[Annate 1980-1991]$9(OLS)http://semarc/title/422375 LEADER 00950nam a2200217 i 4500 001 000000227023 003 CaOOAMICUS 005 20140212000000.0 008 140212s1828 it u000 u ita u 013 $a205925 026 $ae.o. e-re ,eil late (3) 1828 (A) 040 $aSeMil$bita 245 10$aSettembre. 300 $a195, [1] p. 500 $aSegn. : A-G12 H14. - Fondo Bidoglio. 773 0 $aMassini, Carlo $tSeconda raccolta di vite de' Santi per ciaschedun giorno dell'anno ovvero Appendice alla raccolta delle vite de' santi si premette la vita della Santissima Vergine Maria madre di Dio.$bNuova edizione riveduta, ed accresciuta dall'autore.$dBassano : Tipografia Remondini, 1828.$g9$w()29437 850 $aSeMil 852 $aSeMil$W1$xVenegono$y1$m5A IV 23 FA$j177369$B177369$CSeMilBibl$Z2$F188178 $8I 941 1 $a2 961 $aLascito: Bidoglio don Maurizio 996 $6245$aSettembre$9(OLS)http://semarc/title/271414